Sportifs Britanniques masculins - Statistiques

Statistiques générales
  • Ce quiz a été pris 15 fois
  • Le résultat moyen est 12 sur 58
Statistiques - réponses
Sport pratiqué Réponse % Correct
Tennis Andy Murray
80%
F1 Lewis Hamilton
80%
Football Harry Kane
73%
Football David Beckham
67%
F1 Lando Norris
53%
Football Wayne Rooney
53%
Boxe Anthony Joshua
40%
F1 George Russell
40%
Football Jude Bellingham
40%
Cyclisme Chris Froome
33%
Football Franck Lampard
33%
Tennis Jack Draper
33%
Rugby Jonny Wilkinson
33%
UFC Leon Edwards
33%
Sprint Matthew Hudson-Smith
33%
Fléchettes Michael Smith
33%
Course à pied Mo Farah
33%
Football Ashley Cole
27%
Cyclisme Bradley Wiggins
27%
Football Rio Ferdinand
27%
Tennis Dan Evans
20%
Cyclisme Geraint Thomas
20%
F1 Jenson Button
20%
Fléchettes Luke Littler
20%
Cyclisme Mark Cavendish
20%
Football Steven Gerrard
20%
UFC Tom Aspinall
20%
Triathlon Alistair Brownlee
13%
Tennis Cameron Norrie
13%
Fléchettes Gary Anderson
13%
Triathlon Jonathan Brownlee
13%
Football Marcus Rashford
13%
Rugby Maro Itoje
13%
Football Raheem Sterling
13%
Boxe Tyson Fury
13%
Natation Adam Peaty
7%
Cyclisme Adam Yates
7%
Triathlon Alex Yee
7%
Football Gareth Bale
7%
Golf Justin Rose
7%
Football Kyle Walker
7%
UFC Michael Bisping
7%
Football Phil Foden
7%
Cyclisme Simon Yates
7%
Cyclisme Tom Pidcock
7%
Rugby Chris Robshaw
0%
Rugby Courtney Lawes
0%
Natation Duncan Scott
0%
Saut en longueur Greg Rutherford
0%
Golf Ian Poulter
0%
Course à pied Josh Kerr
0%
Fléchettes Luke Humphries
0%
Golf Matt Fitzpatrick
0%
Gymnastique Max Whitlock
0%
Rugby Owen Farrell
0%
Golf Rory Mcllroy
0%
Natation Tom Dean
0%
Sprint Zharnel Hughes
0%
Aucun quiz correspondant
Distribution des résultats
% des personnes avec chaque résultat
Percentile par nombre de réponses
Votre historique - résultats
Vous n’avez pas pris ce quiz